|
|
|
|
| LEADER |
00000nab a2200000 a 4500 |
| 001 |
vtls000188170 |
| 003 |
SK-MaSNL |
| 005 |
20260302205559.0 |
| 008 |
220422c1983 xo 0 slo |
| 015 |
|
|
|a SNBRA19rr/mm-uuuuu
|
| 035 |
|
|
|a CL0198283
|
| 040 |
|
|
|a SNKBUCL
|b slo
|c SNKBUCL
|e AACR2
|
| 041 |
0 |
|
|a slo
|
| 044 |
|
|
|a xo
|c SK
|
| 080 |
|
|
|a 656.7:331.823
|2 1981
|
| 080 |
|
|
|a 331.823
|2 1981
|
| 080 |
|
|
|a 614.87
|2 1981
|
| 080 |
|
|
|a 632.982.4
|2 1981
|
| 080 |
|
|
|a 631.816.3
|2 1981
|
| 100 |
1 |
|
|a Selnekovič, Gustáv
|4 aut
|9 931605
|
| 245 |
1 |
0 |
|a Bezpečnosť leteckej prevádzky pri LPP
|c Gustáv Selnekovič
|
| 300 |
|
|
|b Grafy 2.
|
| 650 |
0 |
7 |
|a letectvo poľnohospodárske
|2 snkbucl
|9 931417
|
| 650 |
0 |
7 |
|a bezpečnosť leteckej prevádzky
|2 snkbucl
|9 931239
|
| 655 |
|
7 |
|a články zo zborníkov
|2 snkbucl
|9 166140
|
| 773 |
0 |
|
|t Rozvoj leteckých prác v poľnohospodárstve
|d Bratislava : Dom techniky ČSVTS, 1983
|g S. 88-95
|
| 850 |
|
|
|a Slovenská národná knižnica v Martine
|a MTA001
|
| 852 |
|
|
|a SNK
|b KIS3GCP
|
| 958 |
|
|
|a RK
|
| 958 |
|
|
|a ME
|
| 992 |
|
|
|a RZB
|
| 999 |
|
|
|c 1478413
|d 1480343
|